000 00254 a2200121 4500
000 nam a22 7a 4500
005 20260413124313.0
100 _aMano
_91233934
245 _aDigital design
250 _a6th ed
260 _bPearson
942 _cTEXL
999 _c1848253
_d1848253